000 00822nam a2200253 a 4500
001 BRCA_5781
005 20190320205219.0
008 090311s1875----gw-a######---#000-0#ger-#
041 _ager
044 _agw
050 4 _aND665
_b.C76 1875
100 1 _aCrowe, J. A.
_914662
245 1 0 _aGeschichte der altnieder laendischen Malerei
_cJ. A. Crowe und G. B. Cavalcaselle ; bearbeitet von Anton Springer.
260 _aLeipzig, Alemania
_bS. Hirzel
_c1875
300 _ax, 462 p.
_bil., 7 láminas
_c23 cm.
500 _aG8
650 1 4 _aPintores flamencos
_97571
650 1 4 _aPintura
_zFlandes
_914663
650 1 4 _aPintura
_xHistoria
_914664
700 1 _aCavalcaselle, Giovanne Batista
_d1820-1897
_eCoautor
_914665
700 1 _aSpringer, Anton Heinrich
_d1825-1891
_eEditor
_914666
902 _aGFM
942 _2lcc
_cB
999 _c5470
_d5470